000 00214nam a22000977a 4500
003 SGT
245 _aJOURNAL OF THE AMERICAN MEDICAL ASSOCIATION
260 _bCOTINUOUS PUB AMERICA
300 _a878
942 _2ddc
_cBV
999 _c19076
_d19076